[Event "Subotica-ch"]
[Site "Subotica"]
[Date "2015.02.23"]
[Round "4"]
[White "Miljkovic, Vukasin"]
[Black "Lanji, Stevan"]
[Result "1-0"]
[WhiteElo "1715"]
[BlackElo "1631"]
[PlyCount "71"]
[EventDate "2015.02.16"]
[EventType "swiss"]
[EventRounds "9"]
[EventCountry "SRB"]
[SourceTitle "CBM 165 Extra"]
[Source "ChessBase"]
[SourceDate "2015.04.21"]
[SourceVersion "1"]
[SourceVersionDate "2015.04.21"]
[SourceQuality "1"]

1. e4 e5 2. Bc4 Qf6 3. Nc3 Bc5 4. Nf3 c6 5. d3 h6 6. a3 b5 7. Ba2 b4 8. axb4 Bxb4 9. Bd2 Ne7 10. Ne2 Bxd2+ 11. Qxd2 0-0 12. c4 c5 13. b4 cxb4 14. Qxb4 Nbc6 15. Qc3 d6 16. d4 Ng6 17. d5 Nce7 18. 0-0 Nf4 19. Nxf4 Qxf4 20. Qe3 Qxe3 21. fxe3 Rb8 22. Rab1 Bg4 23. Kf2 f5 24. Nd2 fxe4+ 25. Kg3 Bf5 26. c5 Bd7 27. Rxb8 Rxb8 28. c6 Bf5 29. Nc4 Nc8 30. Rb1 Rxb1 31. Bxb1 Kf7 32. Nd2 Ke7 33. Bxe4 Bxe4 34. Nxe4 a5 35. Nc3 Nb6 36. e4 1-0

[Event "Senta-ch"]
[Site "Senta"]
[Date "2015.02.01"]
[Round "3"]
[White "Boros, Tamas I"]
[Black "Miljkovic, Vukasin"]
[Result "0-1"]
[WhiteElo "1423"]
[BlackElo "1715"]
[PlyCount "46"]
[EventDate "2015.01.30"]
[EventType "swiss"]
[EventRounds "9"]
[EventCountry "SRB"]
[SourceTitle "EXT 2016"]
[Source "ChessBase"]
[SourceDate "2015.10.08"]
[SourceVersion "1"]
[SourceVersionDate "2015.10.08"]
[SourceQuality "1"]

1. e4 e5 2. Nf3 d6 3. Bc4 Nf6 4. Ng5 d5 5. exd5 Nxd5 6. Nxf7 Kxf7 7. Qf3+ Ke6 8. Nc3 c6 9. Qe4 Na6 10. d4 Qe7 11. Nxd5 cxd5 12. Qxd5+ Kf6 13. Qf3+ Bf5 14. g4 exd4+ 15. Kf1 Qe4 16. g5+ Kg6 17. Qg3 Qxh1+ 18. Ke2 Re8+ 19. Be3 Qxa1 20. Qf3 Qxb2 21. Kf1 dxe3 22. Be2 Qc1+ 23. Kg2 Be4 0-1

[Event "Subotica-ch"]
[Site "Subotica"]
[Date "2014.02.19"]
[Round "1"]
[White "Miljkovic, Vukasin"]
[Black "Bacsa, Zoltan"]
[Result "1/2-1/2"]
[WhiteElo "1683"]
[BlackElo "1654"]
[PlyCount "20"]
[EventDate "2014.02.19"]
[EventType "swiss"]
[EventRounds "9"]
[EventCountry "SRB"]
[SourceTitle "CBM 159 Extra"]
[Source "ChessBase"]
[SourceDate "2014.04.24"]
[SourceVersion "1"]
[SourceVersionDate "2014.04.24"]
[SourceQuality "1"]

1. d4 d5 2. c4 c6 3. Nf3 Nf6 4. Nc3 Bf5 5. Qb3 Qb6 6. Qxb6 axb6 7. e3 Nbd7 8. a3 e6 9. Be2 Be7 10. 0-0 0-0 1/2-1/2

[Event "Senta op-B 17th"]
[Site "Senta"]
[Date "2013.07.18"]
[Round "7"]
[White "Soklovacki, Marija"]
[Black "Miljkovic, Vukasin"]
[Result "1-0"]
[WhiteElo "1886"]
[BlackElo "1654"]
[PlyCount "83"]
[EventDate "2013.07.13"]
[EventType "swiss"]
[EventRounds "9"]
[EventCountry "SRB"]
[SourceTitle "EXT 2014"]
[Source "ChessBase"]
[SourceDate "2013.11.20"]
[SourceVersion "1"]
[SourceVersionDate "2013.11.20"]
[SourceQuality "1"]

1. d4 Nf6 2. c4 e6 3. Nc3 Bb4 4. a3 Be7 5. Nf3 b6 6. e4 d6 7. Bd3 Bb7 8. 0-0 Nbd7 9. Re1 0-0 10. Qc2 e5 11. dxe5 Nxe5 12. Nxe5 dxe5 13. Nd5 c6 14. Nxe7+ Qxe7 15. b4 Nd7 16. Be3 Rfd8 17. c5 b5 18. Rad1 Nf8 19. f4 f6 20. f5 Rd7 21. Qe2 Rad8 22. Bc2 Kh8 23. g4 Rxd1 24. Rxd1 g5 25. Bb3 h6 26. Rd3 Rxd3 27. Qxd3 Qd7 28. Qd6 Qxd6 29. cxd6 a6 30. Be6 Kg7 31. Bc5 Ba8 32. d7 Nxd7 33. Bxd7 Bb7 34. Kf2 Kf7 35. Ke3 Kg7 36. Be8 Kg8 37. Be7 Kg7 38. Bd7 Kf7 39. Bd8 Kg7 40. Be6 c5 41. bxc5 Bc6 42. Bd5 1-0